000
00300nam a22001337a 4500
999
_c
14404
_d
14404
003
OSt
005
20260211174805.0
008
260211b ||||| |||| 00| 0 eng d
020
_a
9789384204303
082
_a
720.48
_b
AUT
100
_a
Nikhil Authankar
245
_a
A Sketcher's Book/
942
_2
ddc